Dolph Lundgren Movies - Statistics

General Stats
  • This quiz has been taken 10 times
    5 since last reset
  • The average score is 5 of 11
Answer Stats
Release Year Costars Movie % Correct
1985 Sylvester Stallone, Carl Weathers Rocky IV
100%
1989 Louis Gossett Jr., Kim Miyori The Punisher
100%
2018 Jason Momoa, Willem Dafoe Aquaman
50%
2018 Michael B. Jordan, Sylvester Stallone Creed II
50%
1987 Frank Langella, Meg Forster Masters of the Universe
50%
1991 Brandon Lee, Tia Carrerre Showdown in Little Tokyo
50%
2010 Sylvester Stallone, Jet Li The Expendables
50%
1992 Jean-Claude Van Damme, Ally Walker Universal Soldier
50%
1995 Keanu Reeves, Ice-T Johnny Mnemonic
25%
2022 Steve Carell, Danny Trejo Minions: The Rise of Gru
0%
2009 Jean-Claude Van Damme, Corey Johnson Universal Soldier: Regeneration
0%
No matching quizzes found
Score Distribution
Percent of People with Each Score
Percentile by Number Answered
Your Score History
You have not taken this quiz since the last reset